000 00197 a2200097 4500
001 11092
100 _aMay, L.
245 _aIndo-Muslim thought
260 _a
_bM. Ashraf
_c
090 _c8649
_d8649
942 _aNUST-CAE
_cM
_c35432
999 _c246165
_d246165